שטעט פון מזרח און מיטל אייראָפּע – מאַפּע קוויז - Statistics

General Stats
  • This quiz has been taken 9 times
  • The average score is 19 of 30
Answers on the Map
Answers color-coded by a green-red scale on the quiz's map according to % correct below.
 
Answer Stats
Answer % Correct
בערלין
100%
אַמסטערדאַם
100%
וויען
100%
ריגע
100%
מאָסקװע
100%
סאַראַיעוואָ | צרויה
100%
אַדעס
100%
סטאַמבול
100%
מינסק
83%
ווילנע
83%
פּראָג
83%
וואַרשע
83%
קיעוו
83%
קראָקע
83%
אַנטווערפּן
83%
סאַלאָניקי
83%
שטראַסבורג
67%
לעמבערג | לעמבעריק
67%
װאָרמס | וואָרמז | ווירמייזא
50%
פּרעסבורג
33%
קאָװנע
33%
אליטע
33%
שפּיראַ
33%
בארדיטשעוו
33%
גראָדנע
33%
מאָלעוו
17%
וויטעבסק
17%
מיינץ | מַגנצא
17%
טראק
17%
קוזמיר
17%
No matching quizzes found
Score Distribution
Percent of People with Each Score
Percentile by Number Answered
Your Score History
You have not taken this quiz